NHL Awards - Statistics

General Stats
  • This quiz has been taken 339 times
  • The average score is 11 of 20
Answer Stats
Hint Award % Correct
Winner of Playoffs Stanley Cup
97%
Top Goaltender Vezina Trophy
89%
Most Valuable Player Hart Memorial Trophy
87%
Most Valuable Defenseman James Norris Memorial Trophy
81%
Most Valuable Rookie Calder Memorial Trophy
79%
Most Valuable Player (Playoffs) Conn Smyhte Trophy
78%
Most Goals Maurice "Rocket" Richard Trophy
74%
Most Points Art Ross Trophy
73%
Regular Season League Champion Presidents' Trophy
73%
Most Valuable Coach Jack Adams Award
55%
Most Sportsmanlike Player Lady Byng Memorial Trophy
54%
Eastern Conference Champion Prince of Wales Trophy
45%
Western Conference Champion Clarence S. Campbell Bowl
44%
Most Valuable Player Ted Lindsay Award
41%
Perseverance/Dedication Bill Masterton Memorial Trophy
37%
Most Valuable Defensive Forward Frank J. Selke Trophy
35%
Most Valuable Leader Mark Messier Leadership Award
29%
Fewest Goals Against Average (Goalie) William M. Jennings Trophy
20%
Most Valuable Leader King Clancy Memorial Trophy
16%
Highest Save Percentage (Goalie) Roger Crozier Saving Grace Award
4%
No matching quizzes found
Score Distribution
Percent of People with Each Score
Percentile by Number Answered
Your Score History
You have not taken this quiz